Statistics for US States By Last 2 Letters

Click here to take the quiz!

General Stats

  • This quiz has been taken 77 times
  • The average score is 19 of 31

Answer Stats

Answer% Correct
IA(California,Georgia,Pennsylvania,Virginia,West Virginia)
91%
AS(Arkansas,Kansas,Texas)
90%
NA(Arizona,Indiana,Louisiana,Montana,North Carolina,South Carolina)
88%
ON(Oregon,Washington)
88%
KA(Alaska,Nebraska)
84%
DA(Florida,Nevada)
81%
RK(New York)
74%
TA(Minnesota,North Dakota,South Dakota)
72%
MA(Alabama,Oklahoma)
71%
ND(Maryland,Rhode Island)
71%
CO(New Mexico)
66%
NE(Maine)
64%
RE(Delaware,New Hampshire)
64%
AH(Utah)
62%
II(Hawaii)
62%
IO(Ohio)
59%
AN(Michigan)
55%
PI(Mississippi)
55%
WA(Iowa,)
52%
DO(Colorado)
50%
IS(Illinois)
50%
KY(Kentucky)
48%
EE(Tennessee)
47%
HO(Idaho)
45%
IN(Wisconsin)
45%
NT(Vermont)
45%
EY(New Jersey)
43%
RI(Missouri)
43%
TS(Massachusetts)
43%
NG(Wyoming)
41%
UT(Connecticut)
41%

Score Distribution

Percentile by Number Answered

Percent of People with Each Score

Your Score History

You have not taken this quiz